00558cam a22002171 4500001001300000003000400013005001700017008004100034010001700075035002000092040001800112042001200130050001700142100003800159245003100197260001100228300001800239500001500257650005100272999001700323ne 68004193 DLC20260227111849.0881028s1948 xx 000 0 ara  ane 68004193  a(OCoLC)23509842 aDLCcMiUdDLC apremarc00aPJ8212b.S242 aSayyid al-Ahl, ʻAbd al-ʻAzīz.13aal-Nuktah al-Miṣrīyah. c[1948] a88 p.c21 cm. aRomanized. 0aEgyptian wit and humorxHistory and criticism. c50964d50964